000 00634nam a2200205Ii 4500
003 JO-AjNU
008 230606s9999||||xx |||||||||||||| ||und||
020 _a978-1-4398-3975-1
040 _aJO-AjNU
_beng
_erda
_cJO-AjNU
041 _aeng
050 1 4 _aTC175. J46 2011
100 3 _aJeppson ,Roland,
_eauthor
_94206
245 0 0 _aOpen Channel Flow: Numerical Methods and Computer Applications
264 3 1 _aNew York :CRC press ,2011
300 _a1222p
336 _atext
_btxt
_2rdacontent
337 _aunmediated
_bn
_2rdamedia
338 _avolume
_bnc
_2rdacarrier
650 4 _aNumerical methods -computer application
_94207
999 _aE2188
_c2186
_d2186